000 00282nam a22001097a 4500
008 150828b xxu||||| |||| 00| 0 eng d
020 _a015513793
082 _a361.1 CON
245 _aCONTEMPORARY SOCIAL PROBLEMS
250 _a4 ED.
260 _aNEW YORK
_bHARCOUT BRACE JOVANOVICH
_c1976
999 _c1622
_d1622